[Event "Torneo Zonale"]
[Site "Caorle ITA"]
[Date "1972.07.??"]
[Round "15"]
[White "Ljubojevic, Ljubomir"]
[Black "Pritchett, Craig William"]
[WhiteElo "2550"]
[BlackElo "2340"]
[Result "1-0"]
[PlyCount "79"]
[EventDate "1972.07.02"]

1. e4 c5 2. Nf3 e6 3. d4 cxd4 4. Nxd4 Nc6 5. Nb5 d6 6. c4 Nf6 7. N5c3 Be7 8.
Be2 O-O 9. O-O a6 10. b3 Bd7 11. Bb2 Rb8 12. Qd3 b5 13. Nd2 Qb6 14. Rad1 Rfc8
15. Kh1 Na5 16. cxb5 axb5 17. f4 b4 18. Na4 Bxa4 19. bxa4 b3 20. axb3 Nxb3 21.
Bxf6 Bxf6 22. Nc4 Qb4 23. Nxd6 Rc3 24. Qa6 Nc5 25. Qa7 Rf8 26. e5 Bd8 27. Bb5
Rc2 28. Be8 Qb6 29. Bxf7+ Kh8 30. Qxb6 Bxb6 31. f5 exf5 32. e6 Bd8 33. Nxf5 g6
34. Rxd8 Rxd8 35. e7 Rb8 36. Nd6 Rf2 37. Ra1 Kg7 38. e8=Q Rxe8 39. Bxe8 Kf6 40.
Bb5 1-0

[Event "Torneo Zonale"]
[Site "Caorle ITA"]
[Date "1972.07.??"]
[Round "15"]
[White "Pomar Salamanca, Arturo"]
[Black "Tatai, Stefano"]
[WhiteElo "2460"]
[BlackElo "2460"]
[Result "1/2-1/2"]
[PlyCount "24"]
[EventDate "1972.07.02"]

1. d4 Nf6 2. c4 c5 3. Nf3 cxd4 4. Nxd4 e6 5. Nc3 Bb4 6. Qc2 Nc6 7. e3 O-O 8. a3
Be7 9. Be2 d5 10. cxd5 Nxd4 11. exd4 Nxd5 12. Bf3 Bf6 1/2-1/2

[Event "Torneo Zonale"]
[Site "Caorle ITA"]
[Date "1972.07.??"]
[Round "15"]
[White "Silva, Fernando"]
[Black "Bellon Lopez, Juan Manuel"]
[WhiteElo "2295"]
[BlackElo "2385"]
[Result "0-1"]
[PlyCount "134"]
[EventDate "1972.07.02"]

1. e4 c5 2. Nf3 g6 3. d4 Bg7 4. c3 cxd4 5. cxd4 d5 6. exd5 Nf6 7. Bb5+ Nbd7 8.
d6 exd6 9. Qe2+ Qe7 10. Qxe7+ Kxe7 11. O-O Nb6 12. Re1+ Be6 13. Nc3 a6 14. Bf1
Rac8 15. Bg5 Kd7 16. Rad1 Nbd5 17. Nxd5 Nxd5 18. Rc1 h6 19. Bd2 Ne7 20. a3 Bd5
21. Bc3 Rhe8 22. Rcd1 Bxf3 23. gxf3 Nd5 24. Rxe8 Kxe8 25. Rd3 Kd7 26. Be2 Nf4
27. Re3 Nxe2+ 28. Rxe2 Rc4 29. Rd2 Bf6 30. Kf1 Ke6 31. Ke2 Bg5 32. Rd1 Kf5 33.
Kd3 Rc7 34. Bb4 Bf4 35. h3 Re7 36. Rg1 Re6 37. Rh1 d5 38. Ba5 Bg5 39. Bc3 h5
40. Rg1 Rb6 41. Ke2 Bf6 42. b4 Rc6 43. Kd3 Rc4 44. Rg2 Kf4 45. Rg3 Rxc3+ 46.
Kxc3 Bh4 47. Rg1 Bxf2 48. Rc1 Kxf3 49. a4 f5 50. Kd3 Bg3 51. Rc5 Kg2 52. Rxd5
f4 53. Rd7 f3 54. Rxb7 f2 55. Rf7 g5 56. Rxf2+ Kxf2 57. b5 a5 58. Kc4 h4 59.
Kc5 g4 60. d5 gxh3 61. d6 h2 62. d7 h1=Q 63. d8=Q Qc1+ 64. Kb6 h3 65. Qf6+ Kg2
66. Qe6 h2 67. Qe4+ Kg1 0-1

[Event "Torneo Zonale"]
[Site "Caorle ITA"]
[Date "1972.07.??"]
[Round "16"]
[White "Bellon Lopez, Juan Manuel"]
[Black "Pomar Salamanca, Arturo"]
[WhiteElo "2385"]
[BlackElo "2460"]
[Result "1/2-1/2"]
[PlyCount "34"]
[EventDate "1972.07.02"]

1. e4 e5 2. Nf3 Nc6 3. Bb5 a6 4. Ba4 Nf6 5. O-O Be7 6. Bxc6 dxc6 7. d3 Nd7 8.
Be3 O-O 9. Nbd2 f6 10. Re1 Re8 11. d4 exd4 12. Nxd4 Ne5 13. h3 c5 14. N4f3 Nc6
15. Qe2 Be6 16. Rad1 Qc8 17. a3 b6 1/2-1/2

[Event "Torneo Zonale"]
[Site "Caorle ITA"]
[Date "1972.07.??"]
[Round "16"]
[White "Bohosjan, Sarkis Stepan"]
[Black "Jansa, Vlastimil"]
[WhiteElo "2425"]
[BlackElo "2480"]
[Result "1-0"]
[PlyCount "68"]
[EventDate "1972.07.02"]

1. e4 Nf6 2. Nc3 d5 3. e5 Ne4 4. Nce2 d4 5. c3 Nc6 6. Nxd4 Nxd4 7. Qa4+ c6 8.
Qxd4 Qxd4 9. cxd4 Ng5 10. Bc4 Bf5 11. Ne2 b5 12. Bb3 O-O-O 13. a4 Kb7 14. axb5
cxb5 15. d3 Ne6 16. Be3 a6 17. Kd2 Nc7 18. Bxf7 e6 19. Ng3 Bb4+ 20. Ke2 Bg4+
21. f3 Rhf8 22. fxg4 Rxf7 23. Rhf1 Rfd7 24. Ne4 a5 25. Rac1 a4 26. Bd2 Bf8 27.
Ba5 Nd5 28. Rxf8 Rxf8 29. Nc5+ Ka7 30. Nxd7 Rf4 31. h3 Rxd4 32. Nc5 g5 33. Nxe6
Nf4+ 34. Nxf4 gxf4 1-0

[Event "Torneo Zonale"]
[Site "Caorle ITA"]
[Date "1972.07.??"]
[Round "16"]
[White "Dunkelblum, Arthur"]
[Black "Eising, Johannes"]
[WhiteElo "2240"]
[BlackElo "2410"]
[Result "0-1"]
[PlyCount "86"]
[EventDate "1972.07.02"]

1. d4 g6 2. g3 Bg7 3. Bg2 f5 4. Nf3 Nf6 5. O-O O-O 6. c4 d6 7. Nc3 Nc6 8. d5
Ne5 9. Nxe5 dxe5 10. e4 e6 11. dxe6 c6 12. Qxd8 Rxd8 13. exf5 gxf5 14. Re1 Bxe6
15. Rxe5 Kf7 16. Re1 Bxc4 17. Bf4 Nh5 18. Be5 Rd2 19. Bf3 Bxe5 20. Rxe5 Ng7 21.
b3 Be6 22. Ne2 Kf6 23. Re3 Bf7 24. Nf4 Rad8 25. Kf1 Rc2 26. Re2 Rc3 27. Kg2 Rd6
28. Rae1 Ne6 29. Nxe6 Rxe6 30. Rxe6+ Bxe6 31. Re3 Rc2 32. Re2 Rc1 33. h3 a5 34.
g4 h6 35. Kg3 b5 36. Rd2 c5 37. gxf5 Bxf5 38. Rd6+ Kg7 39. Bg4 Bb1 40. Ra6 c4
41. bxc4 bxc4 42. Rxa5 c3 43. Rc5 c2 0-1

[Event "Torneo Zonale"]
[Site "Caorle ITA"]
[Date "1972.07.??"]
[Round "16"]
[White "Keene, Raymond Dennis"]
[Black "Ivkov, Borislav"]
[WhiteElo "2435"]
[BlackElo "2520"]
[Result "1/2-1/2"]
[PlyCount "23"]
[EventDate "1972.07.02"]

1. Nf3 Nf6 2. c4 e6 3. g3 b6 4. Bg2 Bb7 5. O-O Be7 6. d4 O-O 7. Nc3 Ne4 8. Bd2
Nxd2 9. Qxd2 d6 10. d5 e5 11. e4 Nd7 12. Ne1 1/2-1/2

[Event "Torneo Zonale"]
[Site "Caorle ITA"]
[Date "1972.07.??"]
[Round "16"]
[White "Pritchett, Craig William"]
[Black "Friedgood, David"]
[WhiteElo "2340"]
[BlackElo "2310"]
[Result "1/2-1/2"]
[PlyCount "46"]
[EventDate "1972.07.02"]

1. f4 g6 2. Nf3 d5 3. g3 Bg7 4. Bg2 Nf6 5. O-O O-O 6. d3 c5 7. c3 Qc7 8. Qe1
Nc6 9. Na3 b6 10. Nb5 Qb8 11. e4 dxe4 12. dxe4 e5 13. f5 Bb7 14. Nh4 Ne7 15. b3
a6 16. Na3 Qc7 17. Qe2 h6 18. fxg6 fxg6 19. Nc2 Kh7 20. Bb2 Rae8 21. c4 Nc6 22.
Ne3 Nd4 23. Qd3 h5 1/2-1/2

[Event "Torneo Zonale"]
[Site "Caorle ITA"]
[Date "1972.07.??"]
[Round "16"]
[White "Ree, Hans"]
[Black "Ljubojevic, Ljubomir"]
[WhiteElo "2480"]
[BlackElo "2550"]
[Result "1/2-1/2"]
[PlyCount "22"]
[EventDate "1972.07.02"]

1. c4 c5 2. Nf3 Nc6 3. Nc3 g6 4. e3 Bg7 5. d4 d6 6. d5 Nb4 7. Be2 Nf6 8. e4 O-O
9. O-O Na6 10. h3 Nc7 11. Bf4 a6 1/2-1/2

[Event "Torneo Zonale"]
[Site "Caorle ITA"]
[Date "1972.07.??"]
[Round "16"]
[White "Williams, Arthur Howard"]
[Black "Tatai, Stefano"]
[WhiteElo "2390"]
[BlackElo "2460"]
[Result "1/2-1/2"]
[PlyCount "38"]
[EventDate "1972.07.02"]

1. e4 e6 2. d4 d5 3. Nc3 Bb4 4. e5 Ne7 5. a3 Bxc3+ 6. bxc3 c5 7. Nf3 Qa5 8. Qd2
Nbc6 9. a4 cxd4 10. cxd4 Qxd2+ 11. Bxd2 Bd7 12. Bc3 Rc8 13. Kd2 O-O 14. Bd3 Rc7
15. Rhb1 Nc8 16. a5 a6 17. Rb3 N8a7 18. Rab1 Bc8 19. Ke3 f6 1/2-1/2

[Event "Torneo Zonale"]
[Site "Caorle ITA"]
[Date "1972.07.??"]
[Round "16"]
[White "Wirthensohn, Heinz"]
[Black "Silva, Fernando"]
[WhiteElo "2315"]
[BlackElo "2295"]
[Result "1/2-1/2"]
[PlyCount "30"]
[EventDate "1972.07.02"]

1. c4 e6 2. Nf3 Nf6 3. g3 d5 4. Bg2 Be7 5. O-O c5 6. cxd5 exd5 7. d4 Nc6 8. Nc3
O-O 9. b3 Ne4 10. Bb2 Bf6 11. Na4 Re8 12. Rc1 cxd4 13. Nxd4 Bxd4 14. Bxd4 Bf5
15. e3 Qd7 1/2-1/2

[Event "Torneo Zonale"]
[Site "Caorle ITA"]
[Date "1972.07.??"]
[Round "17"]
[White "Eising, Johannes"]
[Black "Pritchett, Craig William"]
[WhiteElo "2410"]
[BlackElo "2340"]
[Result "1/2-1/2"]
[PlyCount "94"]
[EventDate "1972.07.02"]

1. c4 e5 2. Nc3 d6 3. Nf3 Bg4 4. d4 Bxf3 5. gxf3 exd4 6. Qxd4 Nc6 7. Qd2 g6 8.
b3 Bg7 9. Bb2 Nf6 10. f4 O-O 11. Bg2 a6 12. O-O Qd7 13. Nd5 Nxd5 14. cxd5 Ne7
15. Bxg7 Kxg7 16. Rac1 c5 17. dxc6 bxc6 18. Rc4 d5 19. Rc5 Kg8 20. Rfc1 Rfd8
21. Ra5 h5 22. Rc3 Qd6 23. Qd4 Nf5 24. Qd2 Qf6 25. Rac5 Rd6 26. Rd3 Re8 27. e4
dxe4 28. Rxd6 Nxd6 29. Rxc6 Rd8 30. b4 Qe7 31. Qc1 Kh7 32. Qc5 Qd7 33. Qd5 Qb7
34. a3 Nf5 35. Qxd8 Qxc6 36. Qd2 Nh4 37. Qe3 Qc2 38. h3 Nxg2 39. Kxg2 f5 40.
Qa7+ Kh6 41. Qa8 Qc3 42. Qb8 Kh7 43. Qa7+ Kh6 44. Qe3 Qc4 45. Kg3 Qc7 46. h4
Qc4 47. Kg2 Kg7 1/2-1/2

[Event "Torneo Zonale"]
[Site "Caorle ITA"]
[Date "1972.07.??"]
[Round "17"]
[White "Forintos, Gyozo Victor"]
[Black "Bohosjan, Sarkis Stepan"]
[WhiteElo "2495"]
[BlackElo "2425"]
[Result "0-1"]
[PlyCount "62"]
[EventDate "1972.07.02"]

1. d4 Nf6 2. c4 c5 3. d5 e5 4. Nc3 d6 5. e4 g6 6. Nge2 Be7 7. Bh6 Ng4 8. Bd2 f5
9. exf5 gxf5 10. f3 Nf6 11. Ng3 O-O 12. Qc2 Ne8 13. Bd3 Bg5 14. Rd1 Ng7 15. O-O
Bxd2 16. Rxd2 h5 17. f4 h4 18. Nh1 e4 19. Be2 Nd7 20. Nd1 Nf6 21. Ne3 Nfh5 22.
Qd1 Qe8 23. a3 Qg6 24. Qe1 Qf6 25. Qf2 Bd7 26. Rc2 Ba4 27. Rc3 a6 28. Nd1 Qd4
29. b3 Nxf4 30. Re3 Nxe2+ 31. Qxe2 Bxb3 0-1

[Event "Torneo Zonale"]
[Site "Caorle ITA"]
[Date "1972.07.??"]
[Round "17"]
[White "Friedgood, David"]
[Black "Ree, Hans"]
[WhiteElo "2310"]
[BlackElo "2480"]
[Result "1/2-1/2"]
[PlyCount "24"]
[EventDate "1972.07.02"]

1. c4 e5 2. Nc3 Nf6 3. Nf3 Nc6 4. g3 Bb4 5. Bg2 O-O 6. O-O e4 7. Ng5 Bxc3 8.
bxc3 Re8 9. d3 exd3 10. exd3 d6 11. Rb1 Na5 12. Ne4 Nxe4 1/2-1/2

[Event "Torneo Zonale"]
[Site "Caorle ITA"]
[Date "1972.07.??"]
[Round "17"]
[White "Jansa, Vlastimil"]
[Black "Williams, Arthur Howard"]
[WhiteElo "2480"]
[BlackElo "2390"]
[Result "1/2-1/2"]
[PlyCount "86"]
[EventDate "1972.07.02"]

1. e4 g6 2. d4 d6 3. Nc3 Bg7 4. f4 Nf6 5. Nf3 O-O 6. Bd3 Nc6 7. e5 dxe5 8. dxe5
Nd5 9. Bd2 Ncb4 10. Be4 Nb6 11. a3 Na6 12. Qe2 Nc5 13. O-O-O Nxe4 14. Qxe4 c6
15. Be3 Qc7 16. h3 Bf5 17. Bxb6 Qxb6 18. Qe2 Rad8 19. g4 Bc8 20. Qe4 Rxd1+ 21.
Rxd1 Rd8 22. f5 Rxd1+ 23. Nxd1 Qb5 24. c4 Qa5 25. Ne3 Bh6 26. g5 Bxf5 27. Nxf5
gxf5 28. Qxf5 e6 29. Qd3 Bg7 30. b4 Qb6 31. c5 Qb5 32. Qxb5 cxb5 33. Kd2 h6 34.
h4 hxg5 35. hxg5 Kh7 36. Ke3 Kg6 37. Ke4 Bf8 38. Nd4 a6 39. Nb3 Kxg5 40. Na5
f5+ 41. exf6 Kxf6 42. Nxb7 Bh6 43. c6 Ke7 1/2-1/2

[Event "Torneo Zonale"]
[Site "Caorle ITA"]
[Date "1972.07.??"]
[Round "17"]
[White "Pomar Salamanca, Arturo"]
[Black "Wirthensohn, Heinz"]
[WhiteElo "2460"]
[BlackElo "2315"]
[Result "1/2-1/2"]
[PlyCount "42"]
[EventDate "1972.07.02"]

1. d4 d5 2. c4 e6 3. Nc3 Be7 4. Nf3 Nf6 5. Bg5 O-O 6. e3 Nbd7 7. Rc1 a6 8. cxd5
exd5 9. Bd3 c6 10. O-O Re8 11. Qc2 Nf8 12. h3 Ne4 13. Bf4 Nd6 14. Rfe1 g6 15.
Re2 Ne6 16. Bh2 Ng7 17. Rce1 Bf5 18. Ne5 Ne6 19. Bxf5 Nxf5 20. Qd3 Bd6 21. g4
Nh4 1/2-1/2

[Event "Torneo Zonale"]
[Site "Caorle ITA"]
[Date "1972.07.??"]
[Round "17"]
[White "Silva, Fernando"]
[Black "Dunkelblum, Arthur"]
[WhiteElo "2295"]
[BlackElo "2240"]
[Result "1/2-1/2"]
[PlyCount "22"]
[EventDate "1972.07.02"]

1. e4 c6 2. d4 d5 3. exd5 cxd5 4. Bd3 Nc6 5. c3 Nf6 6. Bf4 g6 7. Nd2 Bg7 8.
Ngf3 O-O 9. O-O Bf5 10. Bxf5 gxf5 11. Ne5 e6 1/2-1/2

[Event "Torneo Zonale"]
[Site "Caorle ITA"]
[Date "1972.07.??"]
[Round "17"]
[White "Tatai, Stefano"]
[Black "Bellon Lopez, Juan Manuel"]
[WhiteElo "2460"]
[BlackElo "2385"]
[Result "1/2-1/2"]
[PlyCount "34"]
[EventDate "1972.07.02"]

1. e4 e6 2. d4 d5 3. exd5 exd5 4. Bd3 Bd6 5. Ne2 Ne7 6. O-O O-O 7. Bf4 Bf5 8.
c3 c6 9. Re1 Bxf4 10. Nxf4 Nd7 11. Bxf5 Nxf5 12. Nd2 Re8 13. Rxe8+ Qxe8 14. Qe1
Qxe1+ 15. Rxe1 Kf8 16. Kf1 Re8 17. Rxe8+ Kxe8 1/2-1/2